1608 1161 1473 1909 1789 1139 1309 1774 1544 1661 1240 1428 1032 1993 1129 1430 1838 1521 1028 1052 1544 1923 1632 1383 1668 1761 1280 1082 1396 1652 1103 1263 1673 1250 1213 1518 1495 1611 1136 1303 1038 1713 1252 1632 1870 1173 1366 1913 1220 1741 1466 1191 1699 1087 1798 1639 1454 1155 1146 1354 1072 1989 1964 1478 1063 1618 1477 1491 1612 1010 1970 1245 1001 1130 1188 1164 1010 1699 1053 1157 1396 1647 1584 1049 1717 1605 1710 1110 1251 1860 1725 1700 1176 1709 1576 1346 1641 1846 1131 BCNSPRNW ULIB Ver.6.0+V

เปลี่ยนเป็นภาษาไทย

Change to English
 แสดงรายละเอียดบรรณานุกรม
  กลับหน้าหลัก

Brief Record : Get Marc (ISO 2709) : E-mail record : QR code < ปิดหน้าต่าง
LEADER : 00000nam 2200000uu 4500
001    13399109021
003     ULIB
008    110318s2553||||th 000 0 tha d
020    974111166
060 04 WY20.5^bป554ส 2553
100 0  ปาริชาติ โรจน์พลากร-กู๊ช
245 10 สถิติสำหรับงานวิจัยทางการพยาบาล และการใช้โปรแกรม SPSS forwindows /^cปาริชาติ โรจน์พลากร-กู๊ช, ยุวดี ฦาชา
250    พิมพ์ครั้งที่ 1
260    กรุงเทพฯ :^bจุดทอง,^c2553
300    [7], 399 หน้า ;^c26 ซม.
500 ตำ รานี้จัดพิมพ์เผยแพร่โดยได้รับความสนับสนุนจากโครงการตำราภาควิชาพยาบาลศาสตร์ คณะแพทยศาสตร์โรงพยาบาลรามาธิบดี มหาวิทยาลัยมหิดล
650  7 การพยาบาล^vวิจัย
650  7 สถิติศาสตร์
650  7 สถิติ^xโปรแกรมคอมพิวเตอร์
650  7 เอสพีเอสเอส (โปรแกรมคอมพิวเตอร์)
650  7 เอสพีเอสเอสสำหรับวินโดวส์
700 0  ยุวดี ฦาชา
710 2  มหาวิทยาลัยมหิดล. ^bคณะแพทยศาสตร์โรงพยาบาลรามาธิบดี.^bภาควิชาพยาบาลศาสตร์
945    ^p350^l0^i028643
945    ^p350^l0^i028642
945    ^p350^l0^i028641
995    เกษร
999 ^a ใช้งานได้ทุกระบบ
รายการนี้ยังไม่มีแท็ก
คุณยังไม่ได้ล็อกอิน คุณสามารถมีกิจกรรมร่วมกับเว็บไซต์ได้ แต่ต้องล็อกอินก่อน ::
  ล็อกอิน

รายการสื่อสารสนเทศ

ลำดับที่ ประเภท เลขเรียก/บาร์โค้ด สถานที่ สถานะ
1. วิทยาศาสตร์การแพทย์ และสุขภาพ
หนังสือสำรอง
สถานะ=หนังสือสำรอง
WY20.5 ป554ส 2553 ฉ.1 
  Barcode: 028641
ห้องสมุดวิทยาเขตสวรรค์ประชารักษ์
►ส่วนจัดเก็บหนังสือเก่า สปร
บนชั้น
  ขอยืม
2. วิทยาศาสตร์การแพทย์ และสุขภาพ
วิทยาศาสตร์การแพทย์ และสุขภาพ
WY20.5 ป554ส 2553 ฉ.2 
  Barcode: 028642
ห้องสมุดวิทยาเขตสวรรค์ประชารักษ์
►ส่วนจัดเก็บหนังสือเก่า สปร
บนชั้น
  ขอยืม
3. วิทยาศาสตร์การแพทย์ และสุขภาพ
วิทยาศาสตร์การแพทย์ และสุขภาพ
WY20.5 ป554ส 2553 ฉ.3 
  Barcode: 028643
ห้องสมุดวิทยาเขตสวรรค์ประชารักษ์
►ส่วนจัดเก็บหนังสือเก่า สปร
บนชั้น
  ขอยืม

รายการใกล้เคียง
    ผู้แต่ง [ปาริชาติ โรจน์พลากร-กู๊ช]

    หัวเรื่อง [สถิติศาสตร์]
    หัวเรื่อง [เอสพีเอสเอส (โปรแกรมคอมพิวเตอร์)]
    หัวเรื่อง [เอสพีเอสเอสสำหรับวินโดวส์]

BibComment


ยังไม่เคยถูกคอมเมนท์

คอมเมนท์ทรัพยากรรายการนี้
  คอมเมนท์: สถิติสำหรับงานวิจ..


 Copyright 2026. Bcnsprnw @Library